[Event "New York op"]
[Site "New York"]
[Date "1985.??.??"]
[Round "5"]
[White "Christiansen, Larry Mark"]
[Black "Frias Pablaza, Victor J"]
[Result "1-0"]
[WhiteElo "2560"]
[BlackElo "2440"]
[Annotator "ChessBase"]
[PlyCount "53"]
[EventDate "1985.03.??"]
[EventType "swiss"]
[EventRounds "9"]
[EventCountry "USA"]
[SourceTitle "EXT 2000"]
[Source "ChessBase"]
[SourceDate "1999.11.16"]
[SourceVersion "1"]
[SourceVersionDate "1999.11.16"]
[SourceQuality "1"]

1. d4 Nf6 2. c4 d6 3. Nc3 e5 4. Nf3 Nbd7 5. Bg5 Be7 6. e3 O-O 7. Qc2 Ne8 $6 (
7... c6 $142) 8. Bxe7 (8. h4 $5 {/\} f6 $2 9. Bd3 h6 10. Bh7+ Kh8 11. Bxh6 gxh6
12. Qg6 $40) 8... Qxe7 9. O-O-O $146 Nef6 10. Rg1 $1 Nb6 (10... exd4 11. exd4
$16) 11. h3 c6 12. g4 e4 13. g5 $1 exf3 $8 14. gxf6 Qxf6 15. Bd3 h6 (15... g6
16. Rg3 {/\ Rdg1, h4-h5->}) 16. Rg3 $16 d5 17. c5 Nd7 18. Rdg1 Kh8 19. Qd1 (19.
Rxg7 Qxg7 20. Rxg7 Kxg7 21. Qd1 $16) 19... Rg8 20. Rxf3 Qe7 21. Rf4 Nf6 22. Qf3
(22. Rh4 $5 $40) 22... Be6 23. Rh4 {/\ Qf4, Rh6+-} Ne4 24. Qh5 f5 (24... Nxc3
$2 25. Qxh6+ $1 $18) 25. Bxe4 fxe4 26. Ne2 Qf7 $2 (26... Bf5 27. Nf4 $1 {/\Qf5}
Qf6 28. Rg5 Rgf8 29. Ng6+ $1 Bxg6 30. Rxg6 $18) 27. Rg6 {/\Rh6} (27. Rg6 Bf5
28. Rxh6+ gxh6 29. Qxf7) 1-0

[Event "Candidates Tournament Montpellier"]
[Site "Montpellier"]
[Date "1985.10.??"]
[Round "10"]
[White "Portisch, Lajos"]
[Black "Vaganian, Rafael A"]
[Result "0-1"]
[WhiteElo "2625"]
[BlackElo "2625"]
[Annotator "ChessBase"]
[PlyCount "136"]
[EventDate "1985.10.13"]
[EventType "tourn"]
[EventRounds "15"]
[EventCountry "FRA"]
[EventCategory "14"]
[SourceTitle "Candidates"]
[Source "ChessBase"]
[SourceDate "1999.07.01"]
[SourceVersion "2"]
[SourceVersionDate "1999.07.01"]
[SourceQuality "1"]

1. d4 Nf6 2. c4 d6 3. Nc3 Nbd7 4. Nf3 c6 5. g3 e5 6. Bg2 Be7 7. O-O O-O 8. Qc2
Re8 9. b3 Bf8 10. Bb2 a6 $146 11. e3 Qc7 12. Rac1 b6 13. Rfd1 Bb7 14. Rd2 $14
exd4 $6 (14... e4 15. Ng5 d5 16. cxd5 cxd5 17. Qd1 $14 (17. Ncxe4 $6 Qxc2 18.
Nxf6+ gxf6 19. Rdxc2 fxg5 20. Rc7 Bc8 21. Bxd5 $44)) 15. Nxd4 $36 {><d6,()} b5
$6 16. cxb5 c5 17. Nf3 Ne4 18. bxa6 $1 Rxa6 19. Rdd1 $16 Nxc3 20. Bxc3 Be4 21.
Qe2 Qa7 22. Rd2 d5 23. Bf1 (23. Nh4 $16) 23... Rd6 24. Qd1 h6 25. Ba1 Qa3 26.
Ne1 Nb6 27. Bd3 Rde6 28. Bb2 Qa5 29. Bc3 Qa8 30. Bxe4 Rxe4 31. Nf3 f5 32. Bb2
g5 $5 $44 33. Rdc2 f4 34. exf4 gxf4 35. Qd3 (35. Rxc5 $5 $44) 35... d4 36. a3
Qd5 {[+]} 37. Rf1 fxg3 38. hxg3 Bd6 $13 39. Nh2 R8e7 40. a4 Rg7 41. Rd1 h5 42.
a5 h4 43. Nf1 hxg3 44. fxg3 Reg4 45. Rg2 Nd7 $17 46. Qc4 Qxc4 47. bxc4 Ne5 48.
Ra1 Nxc4 49. Bc1 Ra7 50. a6 Kf7 51. Rc2 Ne5 52. Bf4 Ke6 53. Rb2 Kd5 54. Rb7
Rxb7 55. axb7 Rg7 56. Ne3+ Ke4 $1 57. Nc4 Nxc4 58. Bxd6 Rxb7 59. Bxc5 d3 60.
Bf2 Kf3 61. Bd4 Rb3 62. Bf2 Ne3 63. Bxe3 Kxe3 $19 64. Re1+ Kf3 65. Rf1+ Ke2 66.
Rf2+ Kd1 67. Rf8 d2 68. Kf2 Kc2 0-1

[Event "Elgoibar 13th"]
[Site "Elgoibar"]
[Date "2003.12.05"]
[Round "3.4"]
[White "Cifuentes Parada, Roberto"]
[Black "Paunovic, Dragan"]
[Result "1-0"]
[WhiteElo "2501"]
[BlackElo "2504"]
[Annotator "Cifuentes Parada,L"]
[PlyCount "79"]
[EventDate "2003.11.03"]
[EventType "tourn"]
[EventRounds "9"]
[EventCountry "ESP"]
[EventCategory "9"]
[SourceTitle "CBM 099"]
[Source "ChessBase"]
[SourceDate "2004.03.30"]
[SourceVersion "1"]
[SourceVersionDate "2004.03.30"]
[SourceQuality "1"]

1. d4 d6 2. c4 e5 3. Nf3 e4 4. Ng5 Qe7 (4... Nf6 5. Nc3 Qe7 (5... Bf5 $143 6.
g4 $1 Bxg4 7. Bg2 Be7 8. Ngxe4 Nxe4 9. Bxe4 c6 10. Qd3 Bh5 (10... Nd7 $2 11.
Bxh7 $18) 11. Bf4 Bg6 12. O-O-O Na6 (12... Nd7 $5 13. Qg3 $1 Nf6 14. Bf3) 13.
h4 $1 d5 (13... Bxh4 14. Bxg6 fxg6 15. Qe4+ $1 Kf7 16. Bxd6 $14) (13... Qd7 $5
14. h5 Bxe4 15. Qxe4 $14) 14. cxd5 Nb4 15. Qe3 cxd5 $2 (15... Nxd5 $2 16. Bxd5
cxd5 17. h5 Bf5 18. Qe5 $18) (15... Bxe4 $1 16. Qxe4 Nxd5 17. Nxd5 Qxd5 18.
Qxd5 cxd5 19. Kd2 $14) 16. Bxg6 hxg6 17. a3 Nc6 18. Qf3 Rh5 19. e4 $1 $16 {
1-0 Polugaevsky,L-Hickl,J/Haifa 48/91 1989 (23)}) 6. h4 {see game}) (4... f5 5.
Nc3 c6 6. g3 $1 $14) 5. Nc3 Nf6 6. h4 (6. Qc2 $5 Bf5 (6... Nc6 $5 7. e3 Bf5 8.
d5 Nb8 9. f3 Nbd7 10. Ngxe4 Bxe4 11. fxe4 g6 12. Nb5 Qd8 13. Bd2 a6 14. Nc3 Bg7
15. Bd3 O-O 16. O-O Qe7 17. b4 $13 {Onischuk,A-Dizdarevic,E/ Skopje 2002}) 7.
g4 Bg6 (7... Nxg4 8. Ngxe4) 8. Bg2 Nc6 (8... e3 $6 9. Qa4+ c6 10. Bxe3 Nxg4 11.
Bf4 Nf6 12. d5 $1 Qd7 13. dxc6 Nxc6 14. Rd1 h6 15. Nge4 Bxe4 16. Nxe4 Nxe4 17.
Bxe4 $16) 9. d5 (9. Nd5 $6 Nxd4 $1 10. Qa4+ Qd7 11. Nxc7+ Kd8 12. Qd1 (12.
Qxd7+ Kxd7 13. Nxa8 Nc2+ 14. Kf1 Nxa1 $15) 12... Kxc7 13. Qxd4 Qxg4 $15) 9...
Ne5 (9... Nd4 $6 10. Qd1 $1 (10. Qa4+ Qd7 11. Qd1 Qxg4 $1 12. Bh3 Qh5 13. Qxd4
h6 $13) 10... Qe5 11. Ncxe4 $1 (11. Be3 c5 12. dxc6 Nxc6 13. Nd5 O-O-O 14. Bf4
Qe8) 11... Nxe4 (11... Bxe4 12. Nxe4 Nxe4 13. f4 Qe7 14. Qxd4 Qh4+ 15. Kf1 Nc5
16. h3 $16) 12. f4 Qe7 (12... Qf6 13. Nxe4 Qh4+ 14. Kf1 c5 15. e3 $18) 13. Qxd4
Nxg5 14. f5 $1 $16) 10. Ngxe4 Nxe4 11. Nxe4 $5 (11. Bxe4 Nxg4 12. h4 O-O-O 13.
Bg5 f6 14. Bf4 Bxe4 15. Nxe4 g6 16. f3 Bh6 $1 $11) 11... Nxg4 12. h3 Bxe4 (
12... Nf6 13. Nxf6+ Qxf6 14. e4 O-O-O 15. Be3 $14) (12... Ne5 $5) 13. Bxe4 Nf6
14. Bf3 g6 15. h4 h6 16. Be3 Bg7 17. O-O-O O-O 18. h5 g5 19. Bxg5 hxg5 20. h6
Qe5 (20... Bh8 21. h7+ Kg7 22. Qf5 Qe5 (22... Rfb8 23. Qxg5+ Kf8 24. Rd3 $1)
23. Qh3 $40 Kg6 24. Qh6+ Kf5 25. Rdg1 $1 Qxb2+ (25... Qf4+ 26. e3 $1 Qxf3 27.
Qxg5+ Ke4 28. Qh4+ Ng4 29. Rxg4+ Kd3 30. Rd4+ Bxd4 31. Qxd4+ Ke2 32. Qd2# {mate
}) 26. Kxb2 Ng4+ 27. Kc2 Nxh6 28. Rxh6 Bg7 29. Bg4+ Ke5 30. Rh5 $16) 21. hxg7
Kxg7 22. Qd2 Rh8 23. Rhg1 Kg6 24. Rg3 Rh4 25. Rdg1 $1 Nh7 (25... Rxc4+ $2 26.
Kb1 Qf5+ 27. Ka1 g4 28. e4 $1 Qe5 (28... Qg5 29. Qd1 Qf4 30. Bxg4 Nxe4 31. Rf3
$1) 29. Rh3 $1 Qg5 30. Bxg4 $1 $18) 26. Kb1 Re8 27. e3 Kh6 28. Be2 Nf6 29. R3g2
Rh2 30. Bd3 $2 (30. f4 $1 $18) 30... Rxg2 31. Rxg2 Kg7 $13 {Lautier,J-Gulko,B/
Horgen 1995}) 6... h6 7. Nh3 g6 (7... c6 8. Nf4 Na6 9. e3 Bg4 10. f3 Bf5 11.
Bd2 h5 12. Qa4 Qd7 13. Be2 $13 {Seirawwan,Y-Giffard,N/ Lugano 1989}) 8. Nf4 c6
9. e3 Bg7 10. b3 (10. Be2 O-O 11. b3 Re8 12. Bb2 h5 13. b4 a6 14. Qc2 Bf5 15.
a4 Ng4 16. Qb3 Nd7 17. a5 Bh6 18. g3 Nf8 19. Na4 Rad8 20. b5 Ne6 21. Ba3 Bg7
22. Nxe6 Bxe6 23. bxc6 bxc6 24. Ra2 Qf6 25. Bd1 Qf5 26. Bb4 c5 27. Bxg4 Qxg4
28. dxc5 dxc5 29. Bd2 Qf3 30. Rg1 Bg4 {0-1 Chuchelov,V-Varavin,V/Novosibirsk
1989}) 10... O-O 11. Bb2 Na6 (11... Bf5 12. Be2 h5 $11) 12. Qd2 Nc7 13. d5 $1 (
13. Be2 d5) 13... c5 14. Be2 a6 15. a4 Bd7 16. a5 {Meulders: 'Weiß will
Schwarz immer einen Isolani aufhalsen und imstande sein, nach ...b5 en passant
nehmen zu können.'} Rab8 17. Na4 {Meulders: 'Zwingt Schwarz auf a4 zu tauschen
falls er ....b5 durchsetzen will.'} Bxa4 18. Rxa4 b5 19. axb6 Rxb6 20. Bd1 {
Meulders: 'Eine typische Stellung wie sie sich auch in der Benoniverteidigung
ergeben kann. Weiß drückt auf den a-P, Schwarz auf den b-P. Die Stellung
erscheint ziemlich im Gleichgewicht, aber ich bevorzuge hier doch Weiß, weil
der Nc7 passiver steht als der Bd1.'} Nd7 {Meulders: 'Der Läufertausch
verdeutlicht die Lage,und ich kann nicht gerade etwas Besseres vorschlagen,
aber trotzdem tausche ich persönlich den fianchettierten Königsflügellaüfer
immer ungerne, weil er oft für die Verteidigung des K gute Dienste leisten
kann.'} 21. Bxg7 Kxg7 22. Qc3+ Ne5 ({Sicherer war} 22... Qe5 23. Qxe5+ Nxe5 24.
Bc2 f5 $11) 23. Bc2 f5 {Meulders: 'Der schwarze K wird immer mehr entblößt.'} (
23... Rfb8 $5) 24. f3 Qf6 $6 (24... exf3 $1 25. gxf3 Qf6 26. Ke2 Re8 27. Raa1
Kf7 $13) 25. Ke2 (25. fxe4 $4 Nf3+ $19) 25... Nd7 26. Kd2 Qxc3+ 27. Kxc3 Nf6 (
27... exf3 28. gxf3 Ne5 29. Rg1 Kh7 30. Rg3 h5 31. Ra1 Rf6 32. Rag1 $16 {
[%csl Rc7]}) 28. fxe4 $1 fxe4 (28... Nxe4+ {'!' Meulders.} 29. Bxe4 fxe4 30. g4
(30. Rf1 Rbb8 31. Raa1 Rf6 32. g4 Rbf8 33. g5 hxg5 34. hxg5 Rf5 35. Rg1 Re5 $14
) 30... g5 (30... Rbb8 31. b4 Rxb4 32. Rxb4 cxb4+ 33. Kxb4 g5 34. hxg5 hxg5 35.
Nh5+ Kg6 36. Ng3 $18) 31. hxg5 hxg5 32. Nh5+ Kg6 33. Ng3 $16) 29. Raa1 {
Meulders: 'Weiß steht besser weil er weniger Sorgenkinder hat als Schwarz.'}
Rbb8 30. Rh3 Kh7 31. g4 $1 Nxg4 $2 (31... Rbe8 $142 $1 {'+/=' Meulders.
Meulders: 'hätte den Schaden etwas beschränkt.'} 32. Rg1 Nd7 33. h5 g5 34. Ne6
$1 Nxe6 35. Bxe4+ Kg7 36. dxe6 Rxe6 37. Bf5 Re7 38. Ra1 Nb8 39. e4 Rf6 40. Rd3
$14) 32. Bxe4 (32. Rg3) 32... Kg7 33. Rg3 $18 h5 34. Bxg6 Nxe3 (34... Kh6 35.
Bxh5 Nxe3 36. Rg6+ Kh7 37. Ne6 $18) 35. Bd3+ Ng4 36. Nxh5+ Kh6 37. Rxg4 Kxh5
38. Rg5+ Kh6 39. Rg6+ Kh5 40. Rag1 1-0

[Event "Martinique op 6th"]
[Site "Schoelcher"]
[Date "2017.04.12"]
[Round "7"]
[White "Edouard, Romain"]
[Black "Ermenkov, Evgenij"]
[Result "1-0"]
[WhiteElo "2631"]
[BlackElo "2400"]
[Annotator "Edouard,R"]
[PlyCount "67"]
[EventDate "2017.04.09"]
[EventType "swiss"]
[EventRounds "9"]
[EventCountry "FRA"]
[SourceTitle "CBM 178"]
[Source "ChessBase"]
[SourceDate "2017.05.14"]
[SourceVersion "1"]
[SourceVersionDate "2017.05.14"]
[SourceQuality "1"]

1. d4 Nf6 2. c4 d6 3. Nc3 Nbd7 4. Nf3 e5 5. Bg5 Be7 ({After} 5... h6 6. Bh4 {
Black also failed to equalise.} (6. Bxf6 $5 Qxf6 7. e3 g6 ({In the pro chess
league I played way too slow} 7... Qd8 $2 8. Qc2 g6 9. dxe5 Nxe5 10. Nxe5 dxe5
11. Bd3 Bg7 12. O-O-O Bd7 13. h4 $16 {1-0 (40) Gozzoli,Y (2586)-Edouard,R 
(2626) chess.com INT 2017}) 8. h4 Bg7 9. h5 g5 10. Qc2 O-O 11. O-O-O {and
White's position looks nice, although it is not that easy to handle, for
example:} c6 12. Ne4 Qe7 13. Ng3 d5 $1 14. Nf5 Qf6 {is fine for Black
according to the engine.}) 6... exd4 (6... Be7 7. e3 c6 8. Qc2 Nh7 9. Bg3 Ng5
10. Nxg5 hxg5 11. O-O-O $14 {1/2-1/2 (16) Kohlweyer,B (2407)-Bosboom,M (2442)
NED 2014}) (6... c6 7. e3 g5 (7... g6 $2 8. dxe5 dxe5 9. Nxe5 $16 {1/2-1/2 (32)
Fedorovsky,M (2392)-Krstic,U (2478) AUT 2013}) 8. Bg3 Nh5 9. Qc2 exd4 10. Nxd4
Nc5 11. Be2 (11. Rd1 Nxg3 12. hxg3 a5 13. Be2 Bg7 14. g4 a4 15. Bf3 Qa5 16. Kf1
$14 {1-0 (28) Rusev,K (2516)-Kozul,Z (2602) Skopje MKD 2012}) 11... g4 12.
O-O-O $40 {1/2-1/2 (41) El Gindy,E (2450)-Abdelnabbi,I (2421) EGY 2015}) (6...
g5 $5 7. Bg3 Nh5 8. e3 (8. dxe5 Nxg3 9. hxg3 g4 $1 10. e6 fxe6 11. Nd2 Bg7 12.
e3 Ne5 13. Be2 O-O $13 {½-½ (33) Lysyj,I (2598)-Andreikin,D (2603) Belgorod
RUS 2008}) 8... Bg7 9. Be2 O-O 10. Qc2 exd4 11. Nxd4 Nxg3 12. hxg3 Nf6 13.
O-O-O $14 (13. Bd3 Qe7 14. Bf5 $6 c5 15. Nde2 Bxf5 16. Qxf5 Qe6 $11 {1-0 (52)
Lu,A (2319)-Tarjan,J (2406) chess.com INT 2017})) 7. Nxd4 Nc5 (7... Be7 8. Nf5
g5 9. Bg3 Nc5 10. Nxe7 Qxe7 11. Qd4 Bf5 12. O-O-O O-O-O 13. f3 Kb8 14. e4 $14 {
1-0 (22) Aronian,L (2684)-Solak,D (2596) Moscow RUS 2005}) (7... Ne5 8. Bxf6
gxf6 $8 9. e3 $14 {1-0 (62) Petkov,V (2484)-Rotstein,A (2552) ITA 2010}) 8. e3
Be7 9. Qc2 a5 10. Be2 c6 11. O-O Nfe4 12. Nxe4 Bxh4 13. Nxc5 dxc5 14. Nf5 Bxf5
15. Qxf5 $14 {0-1 (40) Kotlyar,S (2110)-Josenhans,D (2245) Long Island 1995})
6. e3 O-O 7. Qc2 Ne8 {Trying to get rid of some pieces, which is not a bad
idea when you lack space.} (7... c6 8. Be2 $1 {Probably best.} (8. O-O-O exd4
9. Nxd4 d5 10. Nf5 Nb6 $13 {1/2-1/2 (30) Vitiugov,N (2705)-Andreikin,D (2715)
Moscow RUS 2012}) 8... Qc7 9. O-O Re8 10. Rfd1 g6 11. Rac1 a6 12. b4 Kg7 13. c5
$1 $16 {1-0 (38) Bluebaum,M (2519)-Carlstedt,J (2437) GER 2014}) 8. Bxe7 (8. h4
$5 {makes sense as well:} exd4 ({The main point is that} 8... f6 {fails to} 9.
Bd3 $1 h6 $5 10. Bxh6 $1 gxh6 11. Bh7+ Kh8 12. Qg6 $18) (8... f5 9. c5 $5 $146
(9. dxe5 Nxe5 10. Nxe5 Bxg5 11. Nf3 $6 Bf6 12. O-O-O c6 $13 {1/2-1/2 (44)
Nogueiras,J (2521)-Lubashov,A (2411) Dos Hermanas 2004}) 9... exd4 10. Bxe7 (
10. exd4 $5 dxc5 11. O-O-O $1 {also makes sense.}) 10... Qxe7 11. cxd6 Qxd6 12.
O-O-O $5 (12. Nxd4 $14) 12... Nb6 13. Nxd4 $14) 9. exd4 (9. Nxd4 $5 Ne5 10.
O-O-O {should just be nice for White.}) 9... Nef6 (9... Ndf6 10. O-O-O Bg4 $2
11. Re1 $1 Qd7 12. Nh2 Bh5 {1/2-1/2 (56) Knaak,R (2510)-Okrajek,A Nordhausen
1986} 13. g4 $1 Bg6 14. Qe2 $18) (9... c6 10. Bd3 Ndf6 11. O-O-O d5 12. Rde1 $6
(12. cxd5 $1 cxd5 13. Kb1 $14) 12... h6 13. Ne5 dxc4 $6 (13... Be6 $1 $13) 14.
Bxc4 Nd6 15. Ng6 $1 Re8 16. Rxe7 $1 Rxe7 17. Bxf6 gxf6 18. Nxe7+ Qxe7 19. Qg6+
$18 {1-0 (33) Palatnik,S (2490)-Kovacevic,D (2280) Chianciano Terme 1988}) 10.
O-O-O Re8 11. Bd3 Nf8 12. Kb1 c6 13. Rde1 Be6 (13... h6 $5 {might be an
improvement.}) 14. Bxf6 $1 $146 (14. Ne2 b5 15. Nf4 bxc4 16. Bxc4 Nd5 17. Nxe6
Nxe6 18. Bxe7 {1/2-1/2 (18) Renet,O (2515)-Efimov,I (2435) FRA 2009}) 14...
Bxf6 15. Ng5 g6 16. d5 cxd5 17. Nxe6 Rxe6 18. Nxd5 $14) 8... Qxe7 9. Bd3 {
Preventing ...f5.} Nef6 10. O-O-O Re8 11. Nd2 Nf8 ({During the game, I thought
the critical line should be} 11... exd4 12. exd4 c5 {and now the engine comes
up with a beautiful idea:} 13. Rhe1 $1 ({I was planning} 13. Nf3 {but after}
cxd4 14. Nxd4 Ne5 15. Kb1 Nc6 {it seems Black is fine.}) 13... Qxe1 14. Nde4
Qxd1+ 15. Kxd1 cxd4 16. Nd5 $40) 12. h3 c6 (12... exd4 13. exd4 Ne6 14. Rhe1
Qd8 15. Nde4 $1 $14) 13. g4 a6 $6 (13... exd4 14. exd4 d5 {should be played,
and after} 15. g5 Nh5 16. cxd5 Qxg5 {the position is unclear. The knight on h5
is an excellent defensive piece.}) 14. dxe5 $1 (14. g5 N6d7 15. f4 $14 {
was another option.}) 14... Qxe5 (14... dxe5 15. g5 N6d7 16. Nce4 Nc5 17. Nxc5
Qxc5 18. Ne4 $16 {/\ xc5}) 15. Nf3 Qe7 16. Nd4 {I thought this should be the
strongest.} (16. g5 N6d7 17. Ne4 d5 18. cxd5 cxd5 19. Nc3 Nb6 20. Kb1 $14)
16... g6 17. g5 Nh5 (17... N6d7 18. h4 $40) 18. h4 Nd7 ({I was expecting} 18...
Ne6 {and after} 19. Be2 Nxd4 20. Rxd4 Bf5 21. Qd2 b5 {I thought Black should
have counter-chances, although the engine just plays} 22. Rd1 {and claims
White is much better.}) 19. Be2 Ng7 20. h5 Nf8 (20... Qxg5 $6 21. h6 $5 Ne6 22.
Ne4 $40) 21. hxg6 fxg6 22. Bd3 $1 {/\ Ne4} Qxg5 23. Rdg1 Qe7 24. Ne4 {Going
for Ng5 and a sac on h7 sooner or later.} (24. Kb1 $5 {was also a smart
preparatory move.}) 24... Bd7 (24... c5 25. Ne2 Bf5 26. N2c3 $16) 25. Ng5 c5
26. Ne2 (26. Nxh7 Nxh7 27. Bxg6 {should also be strong, but there was no
reason to rush.}) 26... Bc6 27. Rh6 Qf6 28. Nf4 Re7 29. Nxh7 Nxh7 30. Bxg6 Kf8
31. Rxh7 Ne6 32. Nh5 $5 (32. Nxe6+ $18) 32... Qe5 33. Qf5+ $1 Qxf5 34. Rh8# 1-0

[Event "CUB-ch"]
[Site "Holguin"]
[Date "2002.04.04"]
[Round "5"]
[White "Almeida Quintana, Omar"]
[Black "Gomez Fontal, Felix Manuel"]
[Result "1-0"]
[WhiteElo "2473"]
[BlackElo "2406"]
[Annotator "Hecht,H"]
[PlyCount "111"]
[EventDate "2002.03.31"]
[EventType "tourn"]
[EventRounds "17"]
[EventCountry "CUB"]
[EventCategory "9"]
[SourceTitle "CBM 089"]
[Source "ChessBase"]
[SourceDate "2002.08.12"]
[SourceVersion "1"]
[SourceVersionDate "2002.08.12"]
[SourceQuality "1"]

1. d4 Nf6 2. Nf3 d6 3. c4 Nbd7 4. Nc3 e5 5. e4 Be7 6. g3 O-O 7. Bg2 c6 8. O-O
Re8 9. h3 Bf8 10. Qc2 Qc7 11. Be3 b6 12. Rfd1 Bb7 13. Rac1 Rac8 14. Qb1 Qb8 15.
d5 cxd5 16. cxd5 a6 17. a4 Rc7 18. Bf1 Rec8 19. Nd2 h5 20. Be2 g6 21. Kg2 Be7
22. Rc2 Nh7 23. h4 Nhf6 24. f3 Kh7 25. Rh1 Bf8 26. Qf1 Qa8 27. Nc4 b5 28. axb5
axb5 29. Nxb5 Qa4 30. Nba3 Ne8 31. Rc3 f5 32. Qb1 fxe4 33. fxe4 Nef6 34. Rhc1
Qb4 35. Nc2 Qb5 36. N2a3 Qa6 37. Bf3 Ng4 38. Bxg4 hxg4 39. b4 Bh6 40. Bxh6 Kxh6
41. Qd3 Nf6 42. b5 Qa8 43. Nxd6 Rxc3 44. Rxc3 Rxc3 45. Qxc3 Bxd5 46. exd5 Qxd5+
47. Kh2 Qxd6 48. Nc4 Qc5 49. Qe3+ Qxe3 50. Nxe3 {Entfernter weißer Freibauer
und schwarze Bauernschwächen.} Kh5 51. b6 g5 52. b7 Nd7 53. Nd5 Kg6 (53... Nb8
54. Nf6+ Kg6 55. Nxg4 e4 (55... Kf5 56. h5 $18) 56. Ne3 Nc6 57. Kh3 $18) 54.
h5+ Kh6 55. Nf6 Nb8 56. Kg2 {[%csl Re5][%cal Gg2f2,Gf2e3,Ge3e4]} 1-0

[Event "New York WFW"]
[Site "New York"]
[Date "1990.??.??"]
[Round "?"]
[White "Hodgson, Julian M"]
[Black "Kotronias, Vasilios"]
[Result "0-1"]
[WhiteElo "2555"]
[BlackElo "2510"]
[Annotator "Horn,Pe"]
[PlyCount "77"]
[EventDate "1990.09.??"]
[EventType "tourn"]
[EventRounds "9"]
[EventCountry "USA"]
[EventCategory "11"]
[SourceTitle "CBM 020"]
[Source "ChessBase"]
[SourceDate "1991.02.01"]
[SourceVersion "1"]
[SourceVersionDate "1991.02.01"]
[SourceQuality "1"]

1. g3 d5 2. Bg2 Nf6 3. d3 e5 4. Nf3 Nbd7 5. O-O c6 6. c4 dxc4 7. dxc4 Bc5 8.
Nc3 O-O 9. Qc2 Re8 {/\ e4-e3} 10. Ng5 $6 (10. Nd2 $5) 10... Bf8 11. Rd1 (11.
Rb1 $5) 11... Qc7 12. Rb1 a5 13. a3 h6 14. Nge4 Nxe4 15. Nxe4 (15. Bxe4 Nc5 16.
Bg2 a4) 15... f5 16. Nc3 Nf6 17. Na4 Be6 18. Be3 $2 (18. b4) 18... Qf7 19. Nb6
$6 (19. Rdc1) 19... f4 $1 20. gxf4 (20. Nxa8 $2 fxe3 21. Nb6 exf2+ 22. Kh1 Ng4)
20... exf4 21. Bxf4 Ra6 22. c5 $1 (22. Na4 Bxc4 $19) 22... Bb3 23. Qc3 Bxd1 24.
Rxd1 Qh5 (24... Rxe2 25. Bf1) 25. Nd7 Nd5 (25... Nxd7 26. Rxd7) 26. Qb3 Qg4 27.
Nxf8 Qxf4 28. Nd7 Rxe2 29. Bf3 Re8 30. Nb6 Kh8 31. Bxd5 cxd5 32. Qxd5 a4 33. h3
(33. Qxb7 $4 Qg4+) 33... Ra5 34. Kg2 Qc7 35. Nd7 Rd8 36. Qh5 Ra6 37. Qf7 Qc6+
38. Kh2 Qe6 39. Nf6 (39. Nf6 Qe5+ 40. Kg2 Qg5+ 41. Kh2 Qf4+ 42. Kg2 Raa8) 0-1

[Event "Capablanca Memorial Elite 30th"]
[Site "Matanzas"]
[Date "1995.??.??"]
[Round "10"]
[White "Sorin, Ariel"]
[Black "Nogueiras Santiago, Jesus"]
[Result "1/2-1/2"]
[WhiteElo "2505"]
[BlackElo "2550"]
[Annotator "King,D"]
[PlyCount "70"]
[EventDate "1995.05.??"]
[EventType "tourn"]
[EventRounds "13"]
[EventCountry "CUB"]
[EventCategory "11"]
[SourceTitle "CBM 048"]
[Source "ChessBase"]
[SourceDate "1995.10.01"]
[SourceVersion "1"]
[SourceVersionDate "1995.10.01"]
[SourceQuality "1"]

1. d4 d6 2. c4 e5 3. Nf3 e4 4. Ng5 Nf6 5. Nc3 Bf5 6. g4 Bxg4 7. Bg2 Nc6 8.
Ngxe4 Nxe4 9. Bxe4 Qd7 10. Rg1 Bh5 11. Qb3 Rb8 12. Be3 Nd8 13. d5 a6 14. O-O-O
g6 15. Bd4 Bh6+ 16. Kb1 O-O 17. Rd3 Bg7 18. Bxg7 Kxg7 19. f4 f5 20. Bf3 Bxf3
21. Rxf3 Nf7 22. h4 $1 {White strives to open some files, but Black brings
over N just in time to block.} Nh6 23. h5 Ng4 $1 24. hxg6 h5 25. e4 Rbe8 26.
Qc2 fxe4 27. Nxe4 Qf5 28. Ng5 Qxc2+ 29. Kxc2 Kxg6 30. Ne6 Rf7 31. f5+ Kf6 32.
Rh3 Rg8 33. Kc3 Rh7 34. Nf4 Kg5 35. Ne6+ Kf6 1/2-1/2